[Event "Ungdoms DM, Køge 2016, 30. sep-2. okt"]
[Site "Køge Skakklub, Asgårds skole, 4600 Køge"]
[Date "2016.10.02"]
[Round "7.10"]
[White "Laksafoss U12, Hjalte"]
[Black "Nielsen P12, Signe"]
[Result "1/2-1/2"]
[BlackElo "1073"]
[WhiteElo "1000"]
[LiveChessVersion "1.4.8"]

1. e4 {[%clk 0:45:58]} e5 {[%clk 0:45:54]} 2. Nf3 {[%clk 0:46:22]} Nc6
{[%clk 0:46:18]} 3. Bb5 {[%clk 0:46:37]} d6 {[%clk 0:46:23]} 4. O-O Nf6 5. Nc3
{[%clk 0:45:49]} g6 {[%clk 0:46:40]} 6. Bc4 {[%clk 0:45:58]} Bg7 {[%clk 0:46:45]}
7. Ng5 {[%clk 0:45:55]} O-O {[%clk 0:46:59]} 8. d3 {[%clk 0:45:45]} Re8
{[%clk 0:46:50]} 9. Bxf7+ {[%clk 0:45:46]} Kf8 {[%clk 0:47:00]} 10. Bxe8 Qxe8
{[%clk 0:46:59]} 11. Be3 {[%clk 0:45:06]} Kg8 {[%clk 0:46:21]} 12. Nb5
{[%clk 0:45:17]} Qd7 {[%clk 0:46:25]} 13. Qe2 {[%clk 0:44:55]} a6
{[%clk 0:45:32]} 14. Nc3 {[%clk 0:44:43]} Qg4 {[%clk 0:45:51]} 15. f3
{[%clk 0:44:46]} Qd7 {[%clk 0:44:48]} 16. Rad1 {[%clk 0:43:09]} b6
{[%clk 0:44:25]} 17. Nd5 {[%clk 0:40:42]} Nxd5 {[%clk 0:44:10]} 18. exd5
{[%clk 0:41:01]} Nb4 {[%clk 0:43:39]} 19. Ne6 {[%clk 0:40:21]} Nxd5
{[%clk 0:43:16]} 20. Nxg7 {[%clk 0:40:22]} Qxg7 {[%clk 0:43:27]} 21. Bf2
{[%clk 0:40:23]} Qh6 {[%clk 0:42:37]} 22. Rfe1 {[%clk 0:39:25]} Qg5
{[%clk 0:42:25]} 23. Bg3 {[%clk 0:38:21]} Nf4 {[%clk 0:40:40]} 24. Qe3
{[%clk 0:38:08]} Qh6 {[%clk 0:37:38]} 25. d4 {[%clk 0:37:22]} Kg7
{[%clk 0:36:37]} 26. dxe5 {[%clk 0:37:21]} Nh5 {[%clk 0:35:25]} 27. Qd4
{[%clk 0:37:12]} dxe5 {[%clk 0:32:44]} 28. Qxe5+ {[%clk 0:37:08]} Kf7
{[%clk 0:30:42]} 29. Qxc7+ Kf6 30. Rd5 {[%clk 0:34:46]} Be6 {[%clk 0:26:30]} 31.
Be5+ {[%clk 0:33:28]} Kf5 {[%clk 0:26:10]} 32. Rd6 {[%clk 0:33:36]} Rc8
{[%clk 0:25:31]} 33. Qxb6 {[%clk 0:33:14]} Re8 {[%clk 0:24:04]} 34. Qc6
{[%clk 0:32:17]} Re7 {[%clk 0:24:16]} 35. g4+ {[%clk 0:31:42]} Kg5
{[%clk 0:23:35]} 36. Re3 {[%clk 0:30:28]} Nf4 {[%clk 0:22:21]} 37. Qe4
{[%clk 0:27:28]} Nh3+ {[%clk 0:21:44]} 38. Kg2 {[%clk 0:27:13]} Kh4
{[%clk 0:20:51]} 39. f4 {[%clk 0:27:12]} Bxg4 {[%clk 0:20:51]} 40. Rxa6
{[%clk 0:24:30]} g5 {[%clk 0:20:41]} 41. Rxh6+ {[%clk 0:24:06]} Bh5
{[%clk 0:20:47]} 42. fxg5+ {[%clk 0:23:59]} Kxg5 {[%clk 0:20:39]} 43. Rf6
{[%clk 0:24:03]} Bg4 {[%clk 0:20:19]} 44. Rg3 {[%clk 0:23:20]} h5
{[%clk 0:19:35]} 45. Bf4+ {[%clk 0:21:56]} Nxf4+ {[%clk 0:18:44]} 46. Qxf4+
{[%clk 0:21:23]} Kh4 {[%clk 0:19:09]} 47. Rg6 {[%clk 0:20:48]} Re2+
{[%clk 0:19:08]} 48. Kf1 {[%clk 0:20:32]} Rf2+ {[%clk 0:18:56]} 49. Qxf2 Be2+
{[%clk 0:18:24]} 50. Ke1 {[%clk 0:20:05]} Bg4 {[%clk 0:17:41]} 51. Qf4
{[%clk 0:20:14]} 1/2-1/2

[Event "Ungdoms DM, Køge 2016, 30. sep-2. okt"]
[Site "Køge Skakklub, Asgårds skole, 4600 Køge"]
[Date "2016.10.02"]
[Round "7.11"]
[White "Petersen P12, Josefine"]
[Black "Sejner U12, Hagbard"]
[Result "0-1"]
[BlackElo "1000"]
[WhiteElo "800"]
[LiveChessVersion "1.4.8"]

1. d4 {[%clk 0:45:58]} d5 {[%clk 0:45:55]} 2. e3 {[%clk 0:44:11]} Nf6
{[%clk 0:45:35]} 3. Bb5+ {[%clk 0:43:33]} Nc6 {[%clk 0:45:51]} 4. Be2
{[%clk 0:40:57]} Bf5 {[%clk 0:45:59]} 5. Bd3 {[%clk 0:39:32]} e6 {[%clk 0:46:11]}
6. Ne2 {[%clk 0:34:58]} Bxd3 {[%clk 0:45:52]} 7. cxd3 {[%clk 0:34:44]} Bb4+
{[%clk 0:46:08]} 8. Nd2 {[%clk 0:34:20]} O-O {[%clk 0:46:16]} 9. O-O
{[%clk 0:34:21]} Ng4 {[%clk 0:46:28]} 10. Ng3 {[%clk 0:32:48]} Qh4
{[%clk 0:44:40]} 11. Nf3 {[%clk 0:31:46]} Qf6 {[%clk 0:44:32]} 12. a3
{[%clk 0:31:16]} Ba5 {[%clk 0:44:45]} 13. Bd2 {[%clk 0:29:36]} Bxd2
{[%clk 0:44:48]} 14. Qxd2 {[%clk 0:29:28]} a5 {[%clk 0:44:45]} 15. a4
{[%clk 0:29:07]} Nb4 {[%clk 0:44:42]} 16. Rac1 {[%clk 0:28:48]} c6
{[%clk 0:44:07]} 17. h3 {[%clk 0:26:21]} Nh6 {[%clk 0:44:13]} 18. e4
{[%clk 0:23:42]} b5 {[%clk 0:43:43]} 19. axb5 {[%clk 0:23:27]} cxb5 20. exd5
{[%clk 0:23:01]} Nxd5 {[%clk 0:44:25]} 21. b3 {[%clk 0:17:29]} b4
{[%clk 0:44:36]} 22. Ne4 {[%clk 0:16:55]} Qf4 {[%clk 0:44:40]} 23. Ng3
{[%clk 0:16:23]} Qxd2 24. Nxd2 {[%clk 0:16:17]} Nf4 {[%clk 0:44:36]} 25. Rce1
{[%clk 0:13:21]} Nf5 {[%clk 0:44:28]} 26. Re4 {[%clk 0:12:46]} Nxg3
{[%clk 0:44:35]} 27. fxg3 {[%clk 0:12:20]} Nxd3 {[%clk 0:44:52]} 28. Re3
{[%clk 0:10:42]} Nb2 {[%clk 0:44:03]} 29. Rb1 {[%clk 0:09:14]} Rad8
{[%clk 0:43:35]} 30. Rxb2 {[%clk 0:08:44]} Rxd4 {[%clk 0:43:55]} 31. Re4
{[%clk 0:08:39]} Rd3 {[%clk 0:43:36]} 32. Nf1 {[%clk 0:08:44]} Re8
{[%clk 0:43:39]} 33. Re3 {[%clk 0:08:37]} Rd5 {[%clk 0:43:49]} 34. Rd2
{[%clk 0:08:26]} Rc5 {[%clk 0:43:38]} 35. Ree2 {[%clk 0:07:08]} g6
{[%clk 0:43:49]} 36. Rc2 {[%clk 0:07:11]} Rb5 {[%clk 0:43:27]} 37. Nd2
{[%clk 0:06:31]} Rb6 {[%clk 0:43:19]} 38. Ra2 {[%clk 0:05:57]} Ra6
{[%clk 0:43:22]} 39. Re5 {[%clk 0:04:44]} Rc8 {[%clk 0:42:23]} 40. Re1
{[%clk 0:04:38]} Rc3 {[%clk 0:42:05]} 41. Rd1 {[%clk 0:04:24]} Rxg3
{[%clk 0:41:57]} 42. Nf1 {[%clk 0:04:15]} Rxb3 {[%clk 0:42:14]} 43. Rc2
{[%clk 0:03:32]} a4 {[%clk 0:42:15]} 44. Rd8+ {[%clk 0:03:23]} Kg7
{[%clk 0:42:25]} 45. Rc7 {[%clk 0:02:26]} a3 {[%clk 0:42:41]} 46. Re8
{[%clk 0:02:36]} a2 {[%clk 0:42:35]} 47. Nd2 {[%clk 0:01:59]} Rb1+
{[%clk 0:42:41]} 48. Nxb1 {[%clk 0:01:24]} axb1=Q+ 49. Kh2 {[%clk 0:01:25]} Qf5
{[%clk 0:42:43]} 50. Rc1 {[%clk 0:01:09]} Qf4+ {[%clk 0:42:54]} 51. Kh1
{[%clk 0:00:53]} Qxc1+ {[%clk 0:43:15]} 52. Kh2 {[%clk 0:00:52]} Qf4+
{[%clk 0:43:32]} 53. Kg1 {[%clk 0:00:47]} Ra1# {[%clk 0:43:48]} 0-1

[Event "Ungdoms DM, Køge 2016, 30. sep-2. okt"]
[Site "Køge Skakklub, Asgårds skole, 4600 Køge"]
[Date "2016.10.02"]
[Round "7.13"]
[White "Nielsen-Refn U10, Karl"]
[Black "Weersing P10, Abigail"]
[Result "1-0"]
[BlackElo "1354"]
[WhiteElo "1059"]
[LiveChessVersion "1.4.8"]

1. Nf3 {[%clk 0:45:58]} d5 {[%clk 0:45:51]} 2. g3 {[%clk 0:45:54]} Nc6
{[%clk 0:46:08]} 3. e3 {[%clk 0:46:02]} e5 {[%clk 0:46:33]} 4. d4
{[%clk 0:45:59]} Bg4 {[%clk 0:46:54]} 5. Bg2 {[%clk 0:46:19]} e4 {[%clk 0:47:05]}
6. Nc3 {[%clk 0:45:28]} exf3 {[%clk 0:47:15]} 7. Bxf3 {[%clk 0:45:13]} Be6
{[%clk 0:47:30]} 8. e4 {[%clk 0:44:45]} Nf6 {[%clk 0:47:49]} 9. e5
{[%clk 0:44:40]} Ne4 {[%clk 0:47:35]} 10. Nxe4 {[%clk 0:43:35]} dxe4
{[%clk 0:47:57]} 11. Bxe4 {[%clk 0:44:01]} Qxd4 {[%clk 0:47:37]} 12. Bxc6+
{[%clk 0:44:15]} Bd7 {[%clk 0:47:36]} 13. Qxd4 {[%clk 0:44:30]} Bxc6
{[%clk 0:47:52]} 14. O-O {[%clk 0:44:49]} Be7 {[%clk 0:47:48]} 15. Qg4
{[%clk 0:44:19]} g6 {[%clk 0:47:27]} 16. Bh6 {[%clk 0:43:54]} Bd7
{[%clk 0:46:12]} 17. Qd4 {[%clk 0:43:59]} Rg8 {[%clk 0:45:49]} 18. Rad1
{[%clk 0:44:12]} Rd8 {[%clk 0:46:11]} 19. e6 {[%clk 0:43:21]} Bxe6
{[%clk 0:45:49]} 20. Qa4+ {[%clk 0:43:39]} c6 {[%clk 0:45:17]} 21. Rxd8+
{[%clk 0:44:01]} Bxd8 {[%clk 0:45:18]} 22. Qxa7 {[%clk 0:44:09]} b6
{[%clk 0:44:17]} 23. Rd1 {[%clk 0:44:09]} Bg4 {[%clk 0:44:04]} 24. Rd4
{[%clk 0:43:52]} Bf3 {[%clk 0:44:01]} 25. Qa8 {[%clk 0:43:42]} Ke7
{[%clk 0:44:14]} 26. Bg5+ {[%clk 0:43:40]} f6 {[%clk 0:44:28]} 27. Rxd8
{[%clk 0:43:43]} c5 {[%clk 0:41:51]} 28. Bxf6+ {[%clk 0:44:03]} Kxf6
{[%clk 0:41:45]} 29. Qxf3+ {[%clk 0:44:20]} Kg7 {[%clk 0:42:07]} 30. Rd7+
{[%clk 0:44:18]} Kh6 {[%clk 0:42:11]} 31. Qf4+ {[%clk 0:44:27]} Kh5
{[%clk 0:41:42]} 32. Rxh7# 1-0

[Event "Ungdoms DM, Køge 2016, 30. sep-2. okt"]
[Site "Køge Skakklub, Asgårds skole, 4600 Køge"]
[Date "2016.10.02"]
[Round "7.14"]
[White "Iskos U10, Lukas"]
[Black "Jacobsen U10, Elias"]
[Result "1-0"]
[BlackElo "1000"]
[WhiteElo "1201"]
[LiveChessVersion "1.4.8"]

1. Nf3 {[%clk 0:45:46]} Nc6 {[%clk 0:45:36]} 2. e4 {[%clk 0:45:29]} d6
{[%clk 0:45:49]} 3. d4 {[%clk 0:45:29]} Nf6 {[%clk 0:45:59]} 4. Nc3
{[%clk 0:45:41]} Bd7 {[%clk 0:46:14]} 5. Bc4 {[%clk 0:45:49]} g6 {[%clk 0:46:21]}
6. e5 {[%clk 0:45:29]} Nh5 {[%clk 0:45:48]} 7. Ng5 {[%clk 0:45:05]} e6
{[%clk 0:45:35]} 8. g4 {[%clk 0:43:58]} Ng7 {[%clk 0:45:49]} 9. Qf3
{[%clk 0:44:03]} f5 {[%clk 0:45:09]} 10. exf6 {[%clk 0:44:07]} Nxd4
{[%clk 0:45:04]} 11. f7+ {[%clk 0:43:36]} Ke7 {[%clk 0:45:06]} 12. Qd3
{[%clk 0:42:32]} c5 {[%clk 0:45:00]} 13. a4 {[%clk 0:40:58]} Bc6 {[%clk 0:44:53]}
14. f3 {[%clk 0:39:41]} a6 15. Nxh7 {[%clk 0:39:21]} Nxf3+ {[%clk 0:43:38]} 16.
Kf2 {[%clk 0:38:18]} Ne5 {[%clk 0:43:55]} 17. Qd1 {[%clk 0:37:37]} Bxh1
{[%clk 0:44:15]} 18. Bg5+ {[%clk 0:37:46]} Kd7 {[%clk 0:44:04]} 19. Bxd8
{[%clk 0:37:59]} Rxd8 {[%clk 0:44:23]} 20. Qxh1 {[%clk 0:37:57]} 1-0

[Event "Ungdoms DM, Køge 2016, 30. sep-2. okt"]
[Site "Køge Skakklub, Asgårds skole, 4600 Køge"]
[Date "2016.10.02"]
[Round "7.16"]
[White "Christensen U8, John Christopher"]
[Black "Wu U8, Oliver"]
[Result "1-0"]
[BlackElo "1000"]
[WhiteElo "1000"]
[LiveChessVersion "1.4.8"]

1. d4 {[%clk 0:45:58]} d5 {[%clk 0:45:58]} 2. c4 {[%clk 0:46:27]} e6
{[%clk 0:46:24]} 3. cxd5 {[%clk 0:46:56]} exd5 {[%clk 0:46:52]} 4. Nc3
{[%clk 0:47:25]} Nf6 {[%clk 0:47:16]} 5. Bf4 {[%clk 0:47:53]} a6 {[%clk 0:47:36]}
6. e3 {[%clk 0:48:21]} Nc6 {[%clk 0:47:26]} 7. Nf3 {[%clk 0:48:36]} Bg4
{[%clk 0:47:45]} 8. Be2 {[%clk 0:49:00]} Bb4 {[%clk 0:48:04]} 9. O-O
{[%clk 0:49:23]} O-O {[%clk 0:48:27]} 10. Rc1 {[%clk 0:49:36]} Qd7
{[%clk 0:48:16]} 11. a3 {[%clk 0:49:31]} Bxc3 {[%clk 0:48:43]} 12. Rxc3
{[%clk 0:49:59]} Ne4 {[%clk 0:48:35]} 13. Rc1 {[%clk 0:50:26]} f6
{[%clk 0:48:24]} 14. Qb3 {[%clk 0:50:16]} Bxf3 {[%clk 0:48:27]} 15. Bxf3
{[%clk 0:50:39]} Nd2 {[%clk 0:48:44]} 16. Qxd5+ {[%clk 0:51:07]} Qxd5
{[%clk 0:49:03]} 17. Bxd5+ {[%clk 0:51:36]} Kh8 {[%clk 0:49:20]} 18. Rfd1
{[%clk 0:52:04]} Rfd8 {[%clk 0:48:37]} 19. Bxc6 {[%clk 0:52:30]} 1-0